<?xml version="1.0" encoding="UTF-8"?>
<record
    xmlns:xsi="http://www.w3.org/2001/XMLSchema-instance"
    xsi:schemaLocation="http://www.loc.gov/MARC21/slim http://www.loc.gov/standards/marcxml/schema/MARC21slim.xsd"
    xmlns="http://www.loc.gov/MARC21/slim">

  <leader>01497caa a22002172a 4500</leader>
  <controlfield tag="001">  007538</controlfield>
  <controlfield tag="003">  AR-FADEU</controlfield>
  <controlfield tag="008">  311216n########xxu####################dd</controlfield>
  <datafield tag="092" ind1=" " ind2=" ">
    <subfield code="a">D340.1</subfield>
    <subfield code="b">M417</subfield>
  </datafield>
  <datafield tag="100" ind1=" " ind2=" ">
    <subfield code="a">McInerny, Ralph</subfield>
  </datafield>
  <datafield tag="245" ind1=" " ind2=" ">
    <subfield code="a">El conocimiento de la ley natural</subfield>
  </datafield>
  <datafield tag="300" ind1=" " ind2=" ">
    <subfield code="a">PP. 237-250</subfield>
  </datafield>
  <datafield tag="500" ind1=" " ind2=" ">
    <subfield code="a">En: El iusnaturalismo actual /comp. Carlos I. Massini-Correas. Buenos Aires : Abeledo-Perrot, 1996</subfield>
  </datafield>
  <datafield tag="942" ind1=" " ind2=" ">
    <subfield code="c">BDGR</subfield>
  </datafield>
  <datafield tag="773" ind1="0" ind2=" ">
    <subfield code="0">6385</subfield>
    <subfield code="9">3543</subfield>
    <subfield code="a">Massini, Carlos Ignacio</subfield>
    <subfield code="b"></subfield>
    <subfield code="d">Buenos Aires</subfield>
    <subfield code="o">10064</subfield>
    <subfield code="t">El derecho, los derechos humanos y el valor del derecho</subfield>
    <subfield code="w">(  AR-FADEU)  000544</subfield>
    <subfield code="x"></subfield>
    <subfield code="z">950-20-0396-9</subfield>
  </datafield>
  <datafield tag="773" ind1="0" ind2=" ">
    <subfield code="0">13339</subfield>
    <subfield code="9">12258</subfield>
    <subfield code="a">Massini-Correas, Carlos I.</subfield>
    <subfield code="b"></subfield>
    <subfield code="d">Buenos Aires</subfield>
    <subfield code="o">13866</subfield>
    <subfield code="t">El iusnaturalismo actual</subfield>
    <subfield code="w">(  AR-FADEU)  007525</subfield>
    <subfield code="x"></subfield>
    <subfield code="z">950-20-0957-6</subfield>
  </datafield>
  <datafield tag="773" ind1="0" ind2=" ">
    <subfield code="0">14318</subfield>
    <subfield code="9">13380</subfield>
    <subfield code="a">Massini, Carlos Ignacio</subfield>
    <subfield code="b"></subfield>
    <subfield code="d">Buenos Aires</subfield>
    <subfield code="o">1052</subfield>
    <subfield code="t">Sobre el realismo jur&#xED;dico : el concepto de derecho, su fundamento y su concreci&#xF3;n judicial</subfield>
    <subfield code="w">(  AR-FADEU)  008514</subfield>
    <subfield code="x"></subfield>
    <subfield code="z"></subfield>
  </datafield>
  <datafield tag="773" ind1="0" ind2=" ">
    <subfield code="0">14318</subfield>
    <subfield code="9">13381</subfield>
    <subfield code="a">Massini, Carlos Ignacio</subfield>
    <subfield code="b"></subfield>
    <subfield code="d">Buenos Aires</subfield>
    <subfield code="o">1053</subfield>
    <subfield code="t">Sobre el realismo jur&#xED;dico : el concepto de derecho, su fundamento y su concreci&#xF3;n judicial</subfield>
    <subfield code="w">(  AR-FADEU)  008514</subfield>
    <subfield code="x"></subfield>
    <subfield code="z"></subfield>
  </datafield>
  <datafield tag="773" ind1="0" ind2=" ">
    <subfield code="0">14319</subfield>
    <subfield code="9">13382</subfield>
    <subfield code="a">Massini, Carlos Ignacio</subfield>
    <subfield code="b"></subfield>
    <subfield code="d">Buenos Aires</subfield>
    <subfield code="o">1554</subfield>
    <subfield code="t">Ensayo cr&#xED;tico acerca del pensamiento filos&#xF3;fico-jur&#xED;dico de Carlos Marx</subfield>
    <subfield code="w">(  AR-FADEU)  008515</subfield>
    <subfield code="x"></subfield>
    <subfield code="z"></subfield>
  </datafield>
  <datafield tag="773" ind1="0" ind2=" ">
    <subfield code="0">14319</subfield>
    <subfield code="9">13383</subfield>
    <subfield code="a">Massini, Carlos Ignacio</subfield>
    <subfield code="b"></subfield>
    <subfield code="d">Buenos Aires</subfield>
    <subfield code="o">1555</subfield>
    <subfield code="t">Ensayo cr&#xED;tico acerca del pensamiento filos&#xF3;fico-jur&#xED;dico de Carlos Marx</subfield>
    <subfield code="w">(  AR-FADEU)  008515</subfield>
    <subfield code="x"></subfield>
    <subfield code="z"></subfield>
  </datafield>
  <datafield tag="999" ind1=" " ind2=" ">
    <subfield code="c">13352</subfield>
    <subfield code="d">13352</subfield>
  </datafield>
</record>
